LEADER 01349nam2 2200361 450 001 000033632 005 20130731123047.0 100 $a20121025d1953----km-y0itaa50------ba 101 0 $aita 102 $aIT 200 1 $aDal Carducci al Croce$fLuigi Russo 205 $a3. ed. 210 $aBari$c<> Laterza e figli$d1953 215 $aXIV, 332 p.$d21 cm 225 2 $aBiblioteca di cultura moderna$v372.1 410 0$12001$aBiblioteca di cultura moderna$v372.1 461 1$1001000033631$12001$a<> critica letteraria contemporanea$v1 606 1 $aCritica letteraria$yItalia$zSec. 19.-20. 676 $a801.950945$v(21. ed.)$9Letteratura. Critica. Italia 700 1$aRusso,$bLuigi$f<1892-1961>$08483 801 0$aIT$bUniversità della Basilicata - B.I.A.$gREICAT$2unimarc 912 $a000033632 996 $aDal Carducci al Croce$996773 997 $aUNIBAS BAS $aLETTERE CAT $aSTD082$b01$c20121025$lBAS01$h1359 CAT $aSTD082$b01$c20121026$lBAS01$h1118 CAT $aSTD091$b01$c20130610$lBAS01$h0927 CAT $aSTD091$b01$c20130610$lBAS01$h0934 CAT $aMDL$b30$c20130731$lBAS01$h1230 CAT $aMDL$b30$c20130731$lBAS01$h1230 FMT Z30 -1$lBAS01$LBAS01$mBOOK$1BASA1$APolo Storico-Umanistico$2GEN$BCollezione generale$3FP/54264$654264$5L54264$820121025$f02$FPrestabile Generale